Sentencing and Sanctions in Western Countries : (Record no. 619842)

MARC details
000 -LEADER
fixed length control field 00549nam a2200193 a 4500
008 - FIXED-LENGTH DATA ELEMENTS--GENERAL INFORMATION
fixed length control field 260424s2001##################000#0#eng##
020 ## - INTERNATIONAL STANDARD BOOK NUMBER
ISBN 9780195138610
082 04 - DEWEY DECIMAL CLASSIFICATION NUMBER
Classification number 345.0772TON
100 1# - MAIN ENTRY--AUTHOR NAME
Personal name Tonry, Michael H.,
245 10 - TITLE STATEMENT
Title Sentencing and Sanctions in Western Countries :
260 ## - PUBLICATION, DISTRIBUTION, ETC. (IMPRINT)
Name of publisher Oxford University Press, USA,
Year of publication 2001.
300 ## - PHYSICAL DESCRIPTION
Number of Pages 450 pages
650 #0 - SUBJECT ADDED ENTRY--TOPICAL TERM
Topical Term Language Arts & Disciplines.
942 ## - ADDED ENTRY ELEMENTS (KOHA)
Koha item type English Books
Holdings
Withdrawn status Lost status Damaged status Not for loan Home library Current library Date acquired Full call number Accession Number Price effective from Koha item type
        Anna Centenary Library Anna Centenary Library 24.04.2026 345.0772TON 199859 24.04.2026 English Books

Find us on the map